Matica slovenská

Zobrazenie: Štyri čiastkové pohľady, každý v bielom orámovaní, všetky na červenom podklade. V prvom pohľade je vľavo hore červenýmm písmom názov. Pohľad na hlavnú budovu Matice slovenskej (dnes budova Slovenskej národnej knižnice). Pohľad na vyšívaný obal pôvodných stanov Matice slovenskej podľa náv...

Full description

Bibliographic Details
Other Authors: Lašut, Filip, 1945-2012 (Photographer)
Format: Photo
Language:Slovak
PhysicalDescription:1 pohľadnica (4 čiastkové pohľady) farebná 11 x 15 cm
Published: Bratislava ČSTK-Pressfoto 1988
Subjects:

MARC

LEADER 00000ckm a2200000 a 4500
001 vtls001200894
003 SK-MaSNL
005 20260426004219.0
007 kf co
008 230718s1988 xo g 0kuslo
015 |a SNBG1988 
035 |a SNK000143964 
035 |a 000C50BE-D1C4-452D-AD0A-470518C5D997 
035 |a urn:nbn:sk:snk-km00gig0 
040 |a SNK  |b slo  |c SNK  |e AACR2 
041 0 |a slo 
043 |a e-xo--- 
044 |a xo  |c SK 
072 7 |a 913  |x Regionálna geografia  |2 konspekt 
080 |a 913(437.6)  |2 2011 
080 |a 316.7  |2 2011 
080 |a 069:93/94  |2 2011 
080 |a 026/027  |2 2011 
080 |a (084.121)  |2 2011 
080 |a 930.2  |2 2011 
080 |a 069:82  |2 2011 
080 |a 061  |2 2011 
100 1 |a Lašut, Filip,  |d 1945-2012  |4 pht  |9 151668 
245 1 0 |a Matica slovenská  |h grafika  |c foto: F. Lašut ; výtvarný návrh: M. Menclová 
246 1 |i Názov na adresnej časti:  |a Hlavná budova Matice slovenskej v Martine na Hostihore 
246 1 |i Názov na adresnej časti:  |a Vyšívaný obal pôvodných stanov Matice slovenskej podľa návrhu J. B. Klemensa 
246 1 |i Názov na adresnej časti:  |a Prvá budova Matice slovenskej v Martine 
246 1 |i Názov na adresnej časti:  |a Druhá budova Matice slovenskej v Martine 
260 |a Bratislava  |b ČSTK-Pressfoto  |c 1988  |e Skalica  |f Grafobal 
300 |a 1 pohľadnica (4 čiastkové pohľady)  |b farebná  |c 11 x 15 cm 
500 |a Názvové údaje prevzaté z obrazovej časti pohľadnice 
520 8 |a Zobrazenie: Štyri čiastkové pohľady, každý v bielom orámovaní, všetky na červenom podklade. V prvom pohľade je vľavo hore červenýmm písmom názov. Pohľad na hlavnú budovu Matice slovenskej (dnes budova Slovenskej národnej knižnice). Pohľad na vyšívaný obal pôvodných stanov Matice slovenskej podľa návrhu J. B. Klemensa. Pohľad na prvú budovu Matice slovenskej (dnes Literárne múzeum). Pohľad na druhú budovu Matice slovenskej (dnes hlavnú budovu Matice slovenskej) 
600 1 7 |a Klemens, Jozef Božetech,  |d 1817-1883  |2 SNKMA  |9 38222 
610 2 7 |a Matica slovenská  |2 SNKKA  |9 14662 
610 2 7 |a Slovenská národná knižnica  |2 SNKKA  |9 30663 
610 2 7 |a Literárne múzeum (Martin, Slovensko)  |2 SNKKA  |9 167207 
650 0 7 |a knižnice  |2 SNKPH  |9 17965 
650 0 7 |a historické dokumenty  |2 SNKPH  |9 75246 
650 0 7 |a historické expozície  |2 SNKPH  |9 89911 
650 0 7 |a literárne múzeá  |2 SNKPH  |9 74381 
650 0 7 |a inštitúcie a organizácie  |2 SNKPH  |9 66282 
650 0 7 |a kultúra  |2 SNKPH  |9 886 
651 7 |a Martin (Slovensko)  |2 SNKPHgeo  |9 16875 
655 7 |a miestne pohľadnice  |2 SNKPH  |9 70510 
700 1 |a Menclová, Milica  |c (grafička)  |4 art  |9 283289 
852 |a Slovenská národná knižnica 
954 |a pohľadnice pôvodné (slovenské)  |2 lita 
958 |a GBN 
958 |a GC 
958 |a OND 
958 |a EUIPO 
999 |c 968446  |d 970376 
952 |a SNK  |b SNK  |y PREZ  |7 0  |p 17A1410674  |o snkSP 139146  |i snk1279/88  |0 0  |1 0  |4 0  |d 2020-10-19  |f 1  |l 0  |r 2026-02-24 10:42:59  |w 2026-02-24 
952 |a SNK  |b SNK  |y PREZ  |7 0  |p 17A1410612  |o snkSP 139146 D1  |i snk1280/88  |0 0  |1 0  |4 0  |d 2020-10-19  |l 0  |r 2026-02-24 10:43:00  |w 2026-02-24